| 000 | 00683nam a2200145Ia 4500 | ||
|---|---|---|---|
| 008 | 231221s9999 xx 000 0 und d | ||
| 041 | _aEnglish | ||
| 082 | _aCPEC15-1091 | ||
| 100 | _aVidya Ravi . Koshy George. | ||
| 245 | 0 | _aInterference Cancellation Using An Array Of Sensors | |
| 260 | _c2015 | ||
| 500 | _aInterference Cancellation Using An Array Of Sensors Vidya Ravi and Koshy George PES Centre for Intelligent Systems; Dept. of Telecommunication Engineering, PES Institute of Technology, Bangalore. Proceedings of the 12th IEEE India International Conference (INDICON 2015), New Delhi, India | ||
| 650 | _aInterference,Cancellation,Using,Array,Sensors | ||
| 942 | _cIR | ||
| 999 |
_c233616 _d233616 |
||